Albi - Choix multiples - Statistiques

Statistiques générales
  • Ce quiz a été pris 94 fois
  • Le résultat moyen est 8 sur 10
Statistiques - réponses
Question Réponse % Correct
Quelle est la spécificité de la cathédrale Sainte-Cécile d'Albi, en plus d'être la plus grande cathédrale entièrement peinte d'Europe ? C'est la plus grande cathédrale construite en brique du monde.
95%
Dans quel département se trouve Albi ? Tarn
95%
Lequel de ces peintres possède un musée entièrement consacré à lui ? Henri de Toulouse-Lautrec
93%
De quel culte Albi fut-elle un haut lieu avant une violente croisade au XIIIe siècle ? Le catharisme
80%
Quelle plante, parfois surnommée "or bleu", fit la richesse d'Albi au Moyen-Âge ? Le pastel
80%
Lequel de ces monuments n'est PAS situé à Albi ? L'Escalier Monumental
80%
Quel est le nom de l’établissement d’enseignement supérieur du type scientifique professionnel et culturel, situé à Albi ? Institut National Universitaire Champollion
76%
Quel bateau est emblématique de la ville ?
68%
Le Comte de La Pérouse a également un musée qui lui est dédié à Albi, on lui doit notamment la découverte... d'un détroit majeur entre le Japon et la Russie
54%
Quelle fameuse marque de vêtements est originaire d'Albi ? Teddy Smith
54%
Aucun quiz correspondant
Distribution des résultats
% des personnes avec chaque résultat
Percentile par nombre de réponses
Votre historique - résultats
Vous n’avez pas pris ce quiz